000
00284nam a2200097Ia 4500
008
220216s9999 xx 000 0 und d
245
0
_a
RRIM 700 series clones trials (Second and Third selections) : Seventh report
260
_b
Planters Bulletin
_c
1974
300
_a
165-174
942
_c
JS
999
_c
67337
_d
67337